|
|
|
|
| LEADER |
00000cam a2200000 7i4500 |
| 001 |
0000003039 |
| 002 |
000003291 |
| 005 |
20000330.0 |
| 020 |
|
|
|a 0078817684
|
| 090 |
0 |
0 |
|a 005.3
|b COB
|
| 100 |
0 |
|
|a Cobb, Stephen
|
| 245 |
1 |
0 |
|a Quattro pro for windows inside out
|c Stephen Cobb and Bryan Pfaffenberger
|
| 260 |
|
|
|a New York :
|b McGraw-Hill ,
|c 1992
|
| 300 |
|
|
|a 677p. ;
|c 23cm.
|
| 650 |
0 |
0 |
|a Quattro Pro
|
| 650 |
0 |
0 |
|a Utilities (Computer programs)
|x Guidebooks
|
| 650 |
0 |
0 |
|a Windows(Computer programs)
|x Guidebooks
|
| 700 |
1 |
|
|a Pfaffenberger, Stephen
|
| 999 |
|
|
|a 035607
|b BUKU
|c PINJAMAN
|e PERPUSTAKAAN KOMUNITI PETALING JAYA
|
| 999 |
|
|
|a 035608
|b BUKU
|c PINJAMAN
|e PERPUSTAKAAN KOMUNITI PETALING JAYA
|